Конспект лекций по графической статике: читанных проф. Г. Л. Тираспольским в Томском Технологическом Институте в 1903 году. Составили студенты Института Двинянинов и Гусев

Opis bibliograficzny
1. autor: Тираспольский Г. Л. Григорий Львович
Streszczenie:Литограф. изд.
Текст в русской дореформенной орфографии
Język:rosyjski
Wydane: [Томск], [Б. и.], 1903
Hasła przedmiotowe:
Format: Książka
KOHA link:https://koha.lib.tpu.ru/cgi-bin/koha/opac-detail.pl?biblionumber=372850

MARC

LEADER 00000nam0a2200000 4500
001 372850
005 20231102012519.0
035 |a (RuTPU)RU\TPU\retro\30275 
035 |a RU\TPU\book\214401 
090 |a 372850 
100 |a 20221215d1903 m y0rusy50 ca 
101 0 |a rus 
102 |a RU 
105 |a af j 001zy 
200 1 |a Конспект лекций по графической статике  |e читанных проф. Г. Л. Тираспольским в Томском Технологическом Институте в 1903 году. Составили студенты Института Двинянинов и Гусев  |f Г. Л. Тираспольский 
210 |a [Томск]  |c [Б. и.]  |d 1903 
215 |a 89 с.  |c диагр. 
300 |a Литограф. изд. 
300 |a Текст в русской дореформенной орфографии 
316 |5 63413507: 36//454  |a Штамп Библиотеки Забайкальского Землячества при ТТИ 
316 |5 63413507: ШкА/3129  |a Владельческий переплет ТТИ 
317 |5 63413507: 36//454  |a Пожертвована С. А. Лешебко 
606 1 |a Статика  |2 stltpush  |3 (RuTPU)RU\TPU\subj\56817  |9 74707 
610 1 |a учебные пособия 
610 1 |a труды учёных ТПУ 
610 1 |a дары библиотеке 
610 1 |a коллекция ТПУ 
610 1 |a теоретическая механика 
675 |a 531.2(075.8)  |v 3 
700 1 |a Тираспольский  |b Г. Л.  |c российский инженер-механик  |c профессор ТТИ  |f 1870-?  |g Григорий Львович  |2 stltpush  |3 (RuTPU)RU\TPU\pers\21854  |9 9192 
801 1 |a RU  |b 63413507  |c 20110525 
801 2 |a RU  |b 63413507  |c 20221215  |g RCR 
942 |c BK